|
|
|
|
| LEADER |
01275nam a2200265 a 4500 |
| 001 |
GR-Patra26781 |
| 003 |
GR-PaULI |
| 005 |
20230515092502.0 |
| 008 |
080821s2002 gr g b 001 0 eng d |
| 952 |
|
|
|0 0
|1 0
|2 ddc
|4 0
|6 615_820000000000000_KIS
|7 0
|9 309284
|a LISK
|b LISK
|c BSC
|d 2021-01-17
|e 24
|f 0
|g 0.00
|l 0
|o 615.82 KIS
|p 92410042746
|r 2021-01-17 00:00:00
|t 1
|w 2021-01-17
|y BK15
|x 20080821 0 1
|x GrPaTEI
|
| 952 |
|
|
|0 0
|1 0
|2 ddc
|4 0
|6 615_820000000000000_KIS
|7 0
|9 371666
|a LISP
|b LISP
|c BSC
|d 2023-05-15
|i 42746
|l 0
|o 615.82 KIS
|p 025000300727
|r 2023-05-15 00:00:00
|t 2
|w 2023-05-15
|y BK15
|
| 999 |
|
|
|c 178110
|d 178110
|
| 020 |
|
|
|a 080360968X
|
| 040 |
|
|
|a GrPaTEI
|b gre
|c GR-PaULI
|e AACR2
|
| 082 |
0 |
4 |
|a 615.82
|2 23
|
| 100 |
1 |
|
|a Kisner, Carolyn
|9 190534
|e συγγραφέας.
|
| 245 |
1 |
0 |
|a Therapeutic exercise :
|b foundations and techniques /
|c Carolyn Kisner, Lynn Allen Colby ; illustrationsd by Jerry L. Kisner.
|
| 250 |
|
|
|a 4th ed.
|
| 260 |
|
|
|a Philadelphia :
|b F.A. Davis Company,
|c c2002.
|
| 300 |
|
|
|a xix, 844 σ. :
|b εικ. ;
|c 26 εκ.
|
| 504 |
|
|
|a Περιλαμβάνει βιβλιογραφίες και ευρετήριο.
|
| 650 |
|
4 |
|a Κινησιοθεραπεία
|9 76254
|
| 700 |
1 |
|
|a Colby, Lynn Allen
|9 190536
|e συγγραφέας.
|
| 942 |
|
|
|2 ddc
|c BK
|
| 998 |
|
|
|c ΜΠΟΥΡΑΣ
|d 2023-05
|